000 00954pam a2200277 a 4500
999 _c1327
_d1327
001 1090244
003 GZU
005 20201007103336.0
008 920626s1993 nyua be 001 0 eng
010 _a 92050535
020 _a0446516376 :
_c$49.95 ($59.95 in Canada)
040 _aDLC
_cDLC
_dDLC
050 0 0 _aHB61
_b.F67 1993
082 0 0 _a330/.03
_220
245 0 4 _aThe Fortune encyclopedia of economics /
_cedited by David R. Henderson.
260 _aNew York :
_bWarner Books,
_cc1993.
300 _axx, 876 p. :
_bill. ;
_c25 cm.
504 _aIncludes bibliographical references and index.
650 0 _aEconomics
_xEncyclopedias.
700 1 _aHenderson, David, R.
730 0 _aFortune.
740 0 _aEncyclopedia of economics.
906 _a7
_bcbc
_corignew
_d1
_eocip
_f19
_gy-gencatlg
942 _2lcc
_cBK
_h61
_iFOR
_kHB